The Gospel to the nations : (Record no. 7586)

MARC details
000 -LEADER
fixed length control field 00730nam a22002172 4500
001 - CONTROL NUMBER
control field 0000008470
005 - DATE AND TIME OF LATEST TRANSACTION
control field 20151217152034.0
008 - FIXED-LENGTH DATA ELEMENTS--GENERAL INFORMATION
fixed length control field 080415s xx 000 0 eng d
020 ## - INTERNATIONAL STANDARD BOOK NUMBER
International Standard Book Number 0851114687 :
Terms of availability KES 2450
040 ## - CATALOGING SOURCE
Original cataloging agency KABU
Transcribing agency KABU
245 14 - TITLE STATEMENT
Title The Gospel to the nations :
Remainder of title perspectives on Paul's mission /
Statement of responsibility, etc. ed. by Peter Bolt & Mark Thompson.
260 ## - PUBLICATION, DISTRIBUTION, ETC. (IMPRINT)
Place of publication, distribution, etc. Leicester, England :
Name of publisher, distributor, etc. Inter-Varsity Press,
Date of publication, distribution, etc. 2000.
300 ## - PHYSICAL DESCRIPTION
Extent xiii, 429 p.
650 #0 - SUBJECT ADDED ENTRY--TOPICAL TERM
Topical term or geographic name as entry element Paul, the Apostle, Saint.
-- 0000159056
650 #0 - SUBJECT ADDED ENTRY--TOPICAL TERM
Topical term or geographic name as entry element Bible. N. T. Epistles of Paul.
-- 0000159057
700 1# - ADDED ENTRY--PERSONAL NAME
Personal name Bolt, Peter.
-- 0000159058
700 1# - ADDED ENTRY--PERSONAL NAME
Personal name Thompson, Mark.
-- 0000159059
908 ## - PUT COMMAND PARAMETER (RLIN)
Put command parameter 080415
950 ## - LOCAL HOLDINGS (RLIN)
-- 1
Holdings
Withdrawn status Lost status Source of classification or shelving scheme Not for loan Home library Current library Date acquired Cost, normal purchase price Total Checkouts Total Renewals Full call number Barcode Date last seen Date last checked out Price effective from Koha item type
    Library of Congress Classification   Kabarak, Nakuru City Campus Kabarak, Nakuru City Campus 17/12/2015 2450.00 2 1 BS2651 .G67 2007 c.1 005883 23/08/2022 15/09/2017 17/12/2015 General Collection
Designed with assistance from East African Informatics Ltd